| 000 | 00735nam a22002177a 4500 | ||
|---|---|---|---|
| 005 | 20251108165354.0 | ||
| 008 | 250721s1988 xx 000 0 ara d | ||
| 082 | 1 | 4 | _aم/922.13/جما |
| 100 | 1 | _aإبن جماعه، أبو عبد الله بدر الدين محمد بن إبراهيم ... | |
| 245 | 1 | 0 | _aمشيخة قاضي القضاه / |
| 264 | 1 |
_aبيروت : _bدار الغرب الإسلامي، _c1988. |
|
| 300 | _a2مج | ||
| 650 | 1 | 7 | _aالمحدثون |
| 650 | 1 | 7 | _aرجال الحديث |
| 650 | 1 | 7 | _aالتراجم |
| 650 | 1 | 7 | _aالإسلام |
| 650 | 1 | 7 | _aالحديث الشريف |
| 700 | 1 |
_aعبد القادر، موفق بن عبد الله بن _eتحقيق |
|
| 942 |
_2ddc _cREF |
||
| 999 |
_c26332 _d26332 |
||